Films en une image (édition décennies #2) - Statistiques

Statistiques générales
  • Ce quiz a été pris 429 fois
  • Le résultat moyen est 4 sur 13
Statistiques - réponses
Par images Réponse % Correct
12 hommes en colère
78%
Fenêtre sur cour
63%
Chantons sous la pluie
60%
Certains l'aiment chaud
45%
Sueurs froides
31%
Les sentiers de la gloire
30%
Les hommes préfèrent les blondes
28%
La mort aux trousses
27%
La prisonnière du désert
27%
Vacances romaines
18%
L'homme qui en savait trop
13%
Le train sifflera trois fois
12%
Ariane
3%
Aucun quiz correspondant
Distribution des résultats
% des personnes avec chaque résultat
Percentile par nombre de réponses
Votre historique - résultats
Vous n’avez pas pris ce quiz